[Event "Ä15Ï"]
[Site "Loo"]
[Date "2017.04.28"]
[Round "9.29"]
[White "Ëàçóðåíêî, Êñåíèÿ."]
[Black "Êîíîíîâà, Àíàñòàñèÿ."]
[Result "0-1"]
[WhiteElo "1343"]
[BlackElo "1446"]
[PlyCount "116"]
[EventDate "2017.04.20"]

1. d4 d5 2. Bf4 Nf6 3. Nf3 c5 4. c3 Nc6 5. e3 Qb6 6. Qb3 c4 7. Qxb6 axb6 8. Na3
Bf5 9. Nh4 Bc8 10. Be2 h6 11. Nf3 Bf5 12. Ne5 Nxe5 13. Bxe5 e6 14. Nb5 Kd7 15.
f3 Ra5 16. a4 Be7 17. Bd1 Rha8 18. Rc1 Ne8 19. Kd2 f6 20. Bg3 Bd6 21. Re1 Bxg3
22. hxg3 Nd6 23. Nxd6 Kxd6 24. e4 Bg6 25. b4 cxb3 26. Bxb3 dxe4 27. fxe4 Be8
28. Rb1 e5 29. Kd3 Kc7 30. Re2 Bxa4 31. Bxa4 Rxa4 32. Reb2 R8a6 33. d5 Ra2 34.
g4 Rxb2 35. Rxb2 Kd6 36. g3 Kc5 37. Rb4 b5 38. Rb2 Ra1 39. Rf2 Rd1+ 40. Kc2 Rg1
41. Rf3 Rg2+ 42. Kd3 Rb2 43. Rf1 Rb3 44. Kc2 Kc4 45. Rf3 Ra3 46. Kb2 b4 47. Re3
Rxc3 48. Rxc3+ bxc3+ 49. Kc2 Kc5 50. Kxc3 g6 51. Kd3 f5 52. gxf5 gxf5 53. exf5
Kxd5 54. f6 Ke6 55. f7 Kxf7 56. Ke4 Ke6 57. g4 Kf6 58. Kd5 b6 0-1

[Event "Ä15Ï"]
[Site "Loo"]
[Date "2017.04.28"]
[Round "9.30"]
[White "Òåðåùåíêî, Äàðüÿ."]
[Black "Ìàëüöåâñêàÿ, Àííà."]
[Result "1-0"]
[WhiteElo "1437"]
[BlackElo "1358"]
[PlyCount "119"]
[EventDate "2017.04.20"]

1. d4 d5 2. c4 e6 3. Nc3 Nf6 4. Bg5 Be7 5. Nf3 h6 6. Bxf6 Bxf6 7. e3 b6 8. Bd3
Bb7 9. a3 Nd7 10. cxd5 exd5 11. Qb3 c6 12. Rc1 Qe7 13. h3 Rc8 14. O-O b5 15.
Nxd5 cxd5 16. Rxc8+ Bxc8 17. Qxd5 O-O 18. Qxb5 Nb6 19. Bb1 Bb7 20. Qd3 g6 21.
Nh2 Rd8 22. Ng4 Bg5 23. f4 Bf6 24. Nxh6+ Kg7 25. Ng4 Bc8 26. Nxf6 Qxf6 27. Ba2
Nd5 28. Bxd5 Rxd5 29. Rd1 Ba6 30. Qd2 Qb6 31. b4 Bb7 32. Rc1 g5 33. Rc5 gxf4
34. Rxd5 Bxd5 35. exf4 Qg6 36. Kh2 Qa6 37. Qe3 Qg6 38. Qe5+ Qf6 39. Qxf6+ Kxf6
40. g4 Kg6 41. Kg3 Bc6 42. f5+ Kg7 43. Kf4 f6 44. h4 Bd7 45. g5 Kf7 46. d5 a6
47. d6 Kg7 48. h5 fxg5+ 49. Kxg5 Kg8 50. Kf6 Kf8 51. h6 Kg8 52. Ke7 Bxf5 53. d7
Bxd7 54. Kxd7 Kh7 55. Kc6 Kxh6 56. b5 axb5 57. Kxb5 Kg7 58. a4 Kf7 59. a5 Ke7
60. a6 1-0

[Event "Ä15Ï"]
[Site "Loo"]
[Date "2017.04.28"]
[Round "9.31"]
[White "Øåëåæîíêîâà, Êñåíèÿ."]
[Black "Ìîèñååâà, Ïîëèíà."]
[Result "0-1"]
[WhiteElo "1374"]
[BlackElo "1425"]
[PlyCount "68"]
[EventDate "2017.04.20"]

1. e4 d5 2. exd5 Qxd5 3. Nc3 Qd6 4. d4 Nf6 5. Nf3 a6 6. h3 Bf5 7. Ne5 Nc6 8. g4
Nxd4 9. Nd3 Bxd3 10. Qxd3 O-O-O 11. Bg2 e6 12. Be3 Qb4 13. Bxd4 Rxd4 14. Qf3
Be7 15. O-O Rf4 16. Qe3 Rd8 17. Rad1 Rxd1 18. Rxd1 Bc5 19. Qe5 Rxf2 20. Kh1
Rxc2 21. a3 Bd6 22. Qxf6 Qxb2 23. Qxf7 Kb8 24. Na4 Qe5 25. Rxd6 Qxd6 26. Qf3
Rc1+ 27. Bf1 Qd4 28. Nc3 Qxc3 29. Qf8+ Ka7 30. Qf2+ b6 31. Kg2 Rc2 32. Be2 Qc6+
33. Kg3 Qe4 34. Bd3 Qxd3+ 0-1

[Event "Ä15Ï"]
[Site "Loo"]
[Date "2017.04.28"]
[Round "9.32"]
[White "Êàñàòêèíà, Ìàðèÿ."]
[Black "Äæàêèÿåâà, Ìàäèíà."]
[Result "1/2-1/2"]
[WhiteElo "1258"]
[BlackElo "1408"]
[PlyCount "109"]
[EventDate "2017.04.20"]

1. e4 e5 2. Nf3 Nc6 3. Bc4 Nf6 4. Ng5 Nxe4 5. Bxf7+ Ke7 6. d3 Nf6 7. Bb3 d5 8.
O-O h6 9. Nf3 Bg4 10. h3 Bh5 11. Re1 Qd6 12. Nbd2 e4 13. g4 Bg6 14. Nh4 Bh7 15.
dxe4 dxe4 16. Nc4 Qxd1 17. Rxd1 g5 18. Nf5+ Bxf5 19. gxf5 Bg7 20. Be3 Rhd8 21.
Bc5+ Ke8 22. c3 Nd7 23. Be3 Ne7 24. Rac1 Nxf5 25. Bc2 Nf6 26. Rxd8+ Rxd8 27.
Rd1 Nxe3 28. Nxe3 Rxd1+ 29. Bxd1 Kf7 30. Kf1 Ke6 31. Kg2 Bf8 32. Bc2 Bc5 33.
Ng4 Nxg4 34. hxg4 Ke5 35. Kg3 e3 36. fxe3 Bxe3 37. Kf3 Bc1 38. b3 Bb2 39. c4
Kd4 40. Be4 c6 41. Bf5 b5 42. Be4 Kc5 43. Ke3 Kd6 44. Kd3 a6 45. Bf5 Kc5 46.
Be4 Kb6 47. Kc2 Be5 48. Kd3 Kc5 49. Bf5 bxc4+ 50. bxc4 Kb4 51. Bc8 a5 52. Bd7
c5 53. a4 Kb3 54. Bb5 Bf4 55. Ke4 1/2-1/2

[Event "Ä15Ï"]
[Site "Loo"]
[Date "2017.04.28"]
[Round "9.33"]
[White "Óëàíîâñêàÿ, Âàëåðèÿ."]
[Black "Øàïîâàëîâà, Âèêòîðèÿ."]
[Result "1/2-1/2"]
[WhiteElo "1250"]
[BlackElo "1400"]
[PlyCount "82"]
[EventDate "2017.04.20"]

1. c4 e6 2. Nf3 d5 3. g3 Nf6 4. Bg2 c5 5. d4 cxd4 6. Nxd4 Qa5+ 7. Bd2 Qc5 8.
Qa4+ Bd7 9. Qb3 Qxd4 10. Qxb7 Qb6 11. Qxa8 Bc6 12. Be3 Qa5+ 13. Bd2 Qb6 14. Be3
Qb4+ 15. Bd2 Qb6 16. Be3 Qb4+ 17. Bd2 Bxa8 18. Bxb4 Bxb4+ 19. Nc3 d4 20. Bxa8
dxc3 21. Kd1 cxb2 22. Rb1 Bc3 23. Kc2 Be5 24. e3 Ng4 25. f4 Bf6 26. e4 Bd4 27.
Kd3 e5 28. Ke2 Ke7 29. Kf3 h5 30. h3 Ne3 31. Bd5 Nc2 32. Rh2 Na3 33. Rbxb2 Bxb2
34. Rxb2 Kf6 35. Rb7 Nc2 36. a4 Nd4+ 37. Ke3 Ndc6 38. Rc7 exf4+ 39. gxf4 Nb4
40. a5 N8a6 41. Rxa7 Nxd5+ 1/2-1/2

[Event "Ä15Ï"]
[Site "Loo"]
[Date "2017.04.28"]
[Round "9.34"]
[White "Èâàíàåâà, Àëèíà."]
[Black "Ãàëèìîâà, Çàðèÿ."]
[Result "0-1"]
[WhiteElo "1379"]
[BlackElo "1305"]
[PlyCount "144"]
[EventDate "2017.04.20"]

1. e4 e5 2. Nf3 Nc6 3. Nc3 Bc5 4. Bc4 Nf6 5. d3 h6 6. Be3 Bb6 7. Qd2 d6 8.
O-O-O Be6 9. h3 Bxc4 10. dxc4 Ba5 11. Qd3 Bxc3 12. bxc3 Qe7 13. Nd2 O-O-O 14.
f3 Qe6 15. Nb3 Rhf8 16. Kb1 Nd7 17. Ka1 Nb6 18. Bxb6 axb6 19. Qd5 Na7 20. Rb1
Qd7 21. Rb2 f5 22. Rhb1 fxe4 23. Qxe4 Rf4 24. Qe2 Qe6 25. Nd2 Nc6 26. g3 Rf6
27. Ne4 Rf7 28. Nf2 Rdf8 29. f4 Qg6 30. Nd3 Qxg3 31. fxe5 Nxe5 32. Nxe5 Qxe5
33. Qxe5 dxe5 34. c5 Rf1 35. cxb6 Rxb1+ 36. Rxb1 Rf3 37. bxc7 Kxc7 38. Re1 Kd6
39. Rd1+ Kc6 40. Rd3 e4 41. Rd4 e3 42. Re4 Rxh3 43. Kb2 g5 44. Kc1 Rh1+ 45. Kb2
Rh3 46. Kc1 Kd5 47. Re7 b5 48. Kd1 Kc4 49. Rc7+ Kd5 50. Ke2 h5 51. c4+ bxc4 52.
a4 Rh2+ 53. Kxe3 Rxc2 54. Rg7 Rg2 55. a5 Kc6 56. a6 Kb6 57. a7 Ra2 58. Rxg5
Rxa7 59. Rxh5 Rd7 60. Rh8 Kb5 61. Rb8+ Ka4 62. Rc8 Kb3 63. Rb8+ Kc2 64. Rc8 c3
65. Rb8 Kc1 66. Ke2 Rd2+ 67. Ke1 Rb2 68. Rd8 Kb1 69. Rd1+ Ka2 70. Rc1 Kb3 71.
Kd1 Rd2+ 72. Ke1 Kb2 0-1

[Event "Ä15Ï"]
[Site "Loo"]
[Date "2017.04.28"]
[Round "9.35"]
[White "Øàäðóõèíà, Ñâåòëàíà."]
[Black "Åãîðîâà, Àíàñòàñèÿ."]
[Result "0-1"]
[WhiteElo "1368"]
[BlackElo "1308"]
[PlyCount "154"]
[EventDate "2017.04.20"]

1. c4 e5 2. g3 Nf6 3. Bg2 g6 4. Nc3 Bg7 5. e3 Nc6 6. Nge2 O-O 7. O-O d6 8. d3
Be6 9. Nd5 Bd7 10. Nec3 a6 11. a3 Rb8 12. b4 Nxd5 13. Nxd5 Ne7 14. d4 Nf5 15.
dxe5 Bxe5 16. Rb1 Be6 17. e4 Ne7 18. Bh6 Re8 19. Qd2 Nxd5 20. cxd5 Bd7 21. Rbc1
Bb5 22. Rfe1 Rc8 23. Qc2 Qf6 24. Bh3 Rb8 25. a4 Bxa4 26. Qxa4 g5 27. Bxg5 Qxg5
28. Rxc7 Qd2 29. Rf1 Bc3 30. Qd7 Rf8 31. Be6 Qh6 32. Bxf7+ Kh8 33. Rxc3 Qg7 34.
Be6 Qxc3 35. Qxd6 Qg7 36. Qd7 Rf3 37. Qxg7+ Kxg7 38. Rc1 b6 39. Rc7+ Kh6 40. d6
Rff8 41. d7 a5 42. bxa5 bxa5 43. f4 a4 44. f5 a3 45. Rc8 Rbxc8 46. dxc8=Q Rxc8
47. Bxc8 a2 48. f6 a1=Q+ 49. Kg2 Qxf6 50. Bf5 Kg7 51. Kh3 h5 52. Kg2 Kf7 53. h4
Ke7 54. Kf3 Kd6 55. Kg2 Ke5 56. Kf3 Kd4 57. Kf4 Qh6+ 58. Kf3 Qe3+ 59. Kg2 Kd3
60. Kh3 Qg1 61. g4 hxg4+ 62. Bxg4 Kxe4 63. h5 Ke5 64. Kh4 Kf6 65. Kh3 Kg5 66.
Bf3 Kf4 67. Bg2 Qd1 68. Kh2 Qxh5+ 69. Bh3 Kf3 70. Kg1 Qh4 71. Bg2+ Ke3 72. Bf1
Qf2+ 73. Kh1 Qxf1+ 74. Kh2 Qf8 75. Kh1 Qg8 76. Kh2 Kf2 77. Kh1 Qg2# 0-1

[Event "Ä15Ï"]
[Site "Loo"]
[Date "2017.04.28"]
[Round "9.36"]
[White "Êðàñíþê, Âåðîíèêà."]
[Black "Áåëîâà, Êñåíèÿ."]
[Result "0-1"]
[WhiteElo "1337"]
[BlackElo "1352"]
[PlyCount "82"]
[EventDate "2017.04.20"]

1. d4 Nf6 2. Nc3 c5 3. e4 cxd4 4. Qxd4 Nc6 5. Qd1 g6 6. Nf3 Bg7 7. Bd3 d6 8.
Be3 O-O 9. O-O Bd7 10. Qd2 Ng4 11. Bg5 Nge5 12. Rab1 Nxf3+ 13. gxf3 Bh3 14.
Rfe1 Ne5 15. Qe3 Nxd3 16. Qxd3 Qd7 17. Nd5 Rfe8 18. e5 Bxe5 19. Rxe5 dxe5 20.
Nf6+ exf6 21. Qxd7 Bxd7 22. Bxf6 Bf5 23. Rc1 e4 24. fxe4 Bxe4 25. c3 Bf5 26.
Rd1 Re2 27. c4 Rae8 28. Bc3 Be6 29. c5 Bxa2 30. Ra1 Bd5 31. h3 a6 32. Rd1 Be6
33. h4 Re4 34. Bf6 Rc4 35. Bd4 Rd8 36. Kf1 Rcxd4 37. Rxd4 Rxd4 38. Ke2 Rc4 39.
Kd3 Rxc5 40. Kd4 Rh5 41. Ke3 Rxh4 0-1

[Event "Ä15Â"]
[Site "Loo"]
[Date "2017.04.28"]
[Round "9.1"]
[White "Ñîëîæåíêèíà, Åëèçàâåòà."]
[Black "Áóëàòîâà, Êàìàëèÿ."]
[Result "1/2-1/2"]
[WhiteElo "2234"]
[BlackElo "1957"]
[PlyCount "80"]
[EventDate "2017.04.20"]

1. d4 Nf6 2. Nf3 g6 3. g3 Bg7 4. Bg2 O-O 5. O-O d6 6. Nc3 c6 7. a4 Qa5 8. Re1
Na6 9. e4 e5 10. h3 Re8 11. Be3 Qc7 12. a5 b5 13. axb6 axb6 14. d5 c5 15. Bf1
Qb7 16. Nd2 Bd7 17. Nb5 Bf8 18. Qf3 Nh5 19. g4 Ng7 20. Qf6 Nb4 21. Rac1 Qb8 22.
c3 Be7 23. Qf3 Na6 24. Ra1 Nc7 25. Rxa8 Nxa8 26. Ra1 Nc7 27. c4 Rf8 28. Bh6
Nxb5 29. cxb5 Qe8 30. Qb3 f5 31. f3 fxg4 32. hxg4 Qd8 33. Qe3 Rf7 34. Be2 Ne8
35. Ra7 Nc7 36. Qa3 Bc8 37. Qe3 Bd7 38. Qa3 Bc8 39. Qe3 Bd7 40. Qa3 Bc8 1/2-1/2

[Event "Ä15Â"]
[Site "Loo"]
[Date "2017.04.28"]
[Round "9.2"]
[White "Çàéöåâà, Ëþäìèëà."]
[Black "Âûðòîñó, Íàòàëüÿ."]
[Result "1-0"]
[WhiteElo "1953"]
[BlackElo "1871"]
[PlyCount "75"]
[EventDate "2017.04.20"]

1. e4 e6 2. Nf3 d5 3. Nc3 Nf6 4. e5 Nfd7 5. d4 c5 6. dxc5 Bxc5 7. Bd3 Nc6 8.
Bf4 a6 9. O-O O-O 10. Bxh7+ Kxh7 11. Ng5+ Qxg5 12. Bxg5 Ndxe5 13. Qh5+ Kg8 14.
Rae1 Bd7 15. Kh1 f6 16. Bc1 Nd4 17. f4 Be8 18. Qd1 Nc4 19. b3 Nd6 20. Be3 N6f5
21. Bg1 Rc8 22. Na4 Bxa4 23. bxa4 Bb4 24. Bxd4 Bxe1 25. Rxe1 Rc6 26. g4 Nh6 27.
c3 Nf7 28. Qb3 Rb8 29. a5 Rd6 30. g5 fxg5 31. fxg5 Rc6 32. g6 Nd8 33. Qb4 e5
34. Bxe5 Re6 35. Qh4 Nc6 36. Bxb8 Rxe1+ 37. Qxe1 Nxb8 38. Qe8# 1-0

[Event "Ä15Â"]
[Site "Loo"]
[Date "2017.04.28"]
[Round "9.3"]
[White "Âèíîêóð, Þëèÿ."]
[Black "Ãåòüìàí, Òàòüÿíà."]
[Result "0-1"]
[WhiteElo "2233"]
[BlackElo "1972"]
[PlyCount "110"]
[EventDate "2017.04.20"]

1. c4 c5 2. Nc3 Nc6 3. g3 g6 4. Bg2 Bg7 5. Nf3 e6 6. O-O Nge7 7. e3 O-O 8. d4
cxd4 9. Nxd4 Nxd4 10. exd4 d5 11. cxd5 Nxd5 12. Nxd5 exd5 13. Be3 Be6 14. Qb3
Qd7 15. Rfc1 Rac8 16. Qa3 b6 17. Qa6 Bf5 18. a4 Be4 19. f3 Bf5 20. Bf1 Qe7 21.
Re1 Rc2 22. Qb5 Qd7 23. Qb4 Rfc8 24. a5 Bf8 25. Qb3 bxa5 26. Rxa5 Qc7 27. Rb5
Bd6 28. Bf2 Be6 29. Rb7 Qa5 30. Rd1 Rc1 31. Be3 Rxd1 32. Qxd1 h5 33. Bd3 Rb8
34. Rxb8+ Bxb8 35. Qc2 Qe1+ 36. Kg2 Qxe3 37. Bxg6 Qxd4 38. Bxh5 Be5 39. b3 Qb2
40. Qxb2 Bxb2 41. f4 d4 42. Bd1 Bf5 43. Kf3 Bb1 44. g4 Bc1 45. f5 Bg5 46. Ke2
d3+ 47. Ke1 Bc2 48. h3 Kg7 49. b4 Kf6 50. b5 Ke5 51. Bf3 d2+ 52. Kf2 d1=Q 53.
Bxd1 Bxd1 54. Kg3 Be2 55. h4 Bf4+ 0-1

[Event "Ä15Â"]
[Site "Loo"]
[Date "2017.04.28"]
[Round "9.4"]
[White "Àôàíàñüåâà, Àëåêñàíäðà."]
[Black "Ìèðîøíèê, Åêàòåðèíà."]
[Result "0-1"]
[WhiteElo "1950"]
[BlackElo "2116"]
[PlyCount "90"]
[EventDate "2017.04.20"]

1. e4 c5 2. Nf3 e6 3. d4 cxd4 4. Nxd4 Nf6 5. Nc3 d6 6. g4 h6 7. h3 Be7 8. Be3
Nc6 9. Qd2 a6 10. O-O-O Nxd4 11. Qxd4 e5 12. Qd3 b5 13. Nd5 Nxd5 14. exd5 O-O
15. Kb1 f5 16. gxf5 Bxf5 17. Qd2 Rc8 18. Bd3 e4 19. Be2 Kh7 20. Rdg1 Bf6 21.
Bg4 Be5 22. Bxf5+ Rxf5 23. Rg4 Rc4 24. b3 Rc8 25. Rxe4 Qf6 26. c4 bxc4 27. Rxc4
Rxc4 28. bxc4 Qe7 29. Kc2 Rf8 30. Rb1 Rc8 31. Qd3+ Kh8 32. f4 Bf6 33. Kd2 Qd7
34. Rb6 Qxh3 35. Rxd6 Qg2+ 36. Qe2 Qe4 37. Rxa6 Rb8 38. Rb6 Rxb6 39. Bxb6 Bc3+
40. Kxc3 Qxe2 41. c5 Qxa2 42. Kd4 Kg8 43. d6 Kf7 44. Bc7 Ke6 45. f5+ Kd7 0-1

[Event "Ä15Â"]
[Site "Loo"]
[Date "2017.04.28"]
[Round "9.5"]
[White "Ïîïîâà, Èðèíà."]
[Black "Âîñêðåñåíñêàÿ, Ìàðòà."]
[Result "0-1"]
[WhiteElo "1938"]
[BlackElo "2009"]
[PlyCount "130"]
[EventDate "2017.04.20"]

1. d4 d5 2. c4 e6 3. Nc3 c6 4. e3 Nf6 5. Nf3 Nbd7 6. Qc2 Bd6 7. g4 Nxg4 8. Rg1
Qf6 9. Rxg4 Qxf3 10. Rxg7 Nf6 11. Bg2 Qh5 12. e4 e5 13. c5 Bc7 14. exd5 Qxh2
15. Bf3 exd4 16. Bg5 Qe5+ 17. Qe2 dxc3 18. Bxf6 Qxe2+ 19. Kxe2 cxb2 20. Rag1
Bf5 21. Bxb2 O-O-O 22. Rxf7 Rhe8+ 23. Kd1 Bg6 24. Rg7 Be5 25. Bxe5 Rxe5 26. Kc1
cxd5 27. Bg4+ Kb8 28. c6 bxc6 29. Rg3 Re1+ 30. Bd1 Kc8 31. Kd2 Re4 32. Rxa7 Rd7
33. Ra6 Rc7 34. Bg4+ Kd8 35. Bd1 Ke7 36. Rc3 Re6 37. Ba4 Be8 38. Bc2 h5 39. a4
Rf6 40. Ke2 Kd6 41. f3 h4 42. Kf2 h3 43. Kg1 Rg7+ 44. Kh1 Re6 45. Bf5 Re1+ 46.
Kh2 Rgg1 47. Kxh3 Ke5 48. Bg4 Kf4 49. Kh2 Rg3 50. Rc2 Re7 51. Rg2 Rxg2+ 52.
Kxg2 d4 53. Rb6 c5 54. a5 d3 55. Rd6 Bb5 56. a6 c4 57. Rf6+ Ke3 58. Rb6 d2 59.
f4 Rg7 60. Rd6 Rxg4+ 61. Kh3 Rg7 62. f5 Bxa6 63. f6 Rf7 64. Kg4 Rxf6 65. Rd7
Bc8 0-1

[Event "Ä15Â"]
[Site "Loo"]
[Date "2017.04.28"]
[Round "9.6"]
[White "Þðàñîâà, Äàðüÿ."]
[Black "Ãàðèôóëëèíà, Ëåÿ."]
[Result "1-0"]
[WhiteElo "1907"]
[BlackElo "2015"]
[PlyCount "129"]
[EventDate "2017.04.20"]

1. d4 Nf6 2. Nf3 e6 3. g3 b6 4. Bg2 Bb7 5. c4 Be7 6. O-O O-O 7. d5 exd5 8. Nh4
c6 9. cxd5 Nxd5 10. Nf5 Nc7 11. e4 d5 12. Qg4 Bf6 13. Bh6 Bc8 14. Nc3 Bxf5 15.
exf5 Nd7 16. Bd2 Ne5 17. Qh3 Nc4 18. Bc1 Na6 19. Rb1 Nb4 20. g4 Re8 21. a3 Na6
22. b3 Nd6 23. Qd3 Nc5 24. Qc2 Rc8 25. b4 Nce4 26. Ne2 Nb5 27. Bb2 Bxb2 28.
Qxb2 Qf6 29. a4 Nbd6 30. h3 Qxb2 31. Rxb2 Nc4 32. Rc2 a5 33. b5 cxb5 34. axb5
Ned2 35. Rfc1 Nb3 36. Rd1 Nc5 37. Rxd5 Na3 38. Rb2 Nc4 39. Rc2 Na3 40. Rb2 Nc4
41. Ra2 Re7 42. Nd4 Re1+ 43. Kh2 Rb1 44. Nc6 Rf8 45. Rc2 Na3 46. Rcd2 h6 47.
Nxa5 Rxb5 48. Nc6 Nb1 49. Ne7+ Kh7 50. Rd8 Rxd8 51. Rxd8 Rb2 52. Bd5 Rxf2+ 53.
Kg3 Rd2 54. Rc8 Nc3 55. Bxf7 Rd3+ 56. Kh4 g5+ 57. fxg6+ Kg7 58. Nf5+ Kf6 59.
Rc6+ Ke5 60. g7 N3e4 61. g8=Q Nf2 62. Qe8+ Kf4 63. Qb8+ Kf3 64. Qg3+ Ke2 65.
Bc4 1-0

[Event "Ä15Â"]
[Site "Loo"]
[Date "2017.04.28"]
[Round "9.7"]
[White "Ïîãîðåëüñêèõ, Ñîôüÿ."]
[Black "Ãóòêîâè÷, Ïîëèíà."]
[Result "1-0"]
[WhiteElo "1880"]
[BlackElo "1952"]
[PlyCount "71"]
[EventDate "2017.04.20"]

1. e4 Nc6 2. d4 d5 3. e5 Bf5 4. f4 e6 5. Nf3 Nge7 6. Be2 f6 7. O-O Qd7 8. Be3
O-O-O 9. c3 Bg4 10. Nbd2 Nf5 11. Bf2 Be7 12. b4 Rdg8 13. b5 Nd8 14. Qa4 Kb8 15.
Nb3 g5 16. exf6 Bxf6 17. Ne5 Qg7 18. Bxg4 gxf4 19. Bh3 h5 20. Nd2 Rh6 21. Nd3
Nf7 22. Nf3 Ng5 23. Nxg5 Bxg5 24. Qd1 Rf6 25. Qf3 Nd6 26. Nc5 Bh6 27. Bxe6 Rd8
28. Bh4 Bg5 29. Bxg5 Qxg5 30. Nd7+ Rxd7 31. Bxd7 Ne4 32. Rae1 Rf7 33. Bh3 b6
34. Re2 Qg6 35. Kh1 h4 36. Qg4 1-0

[Event "Ä15Â"]
[Site "Loo"]
[Date "2017.04.28"]
[Round "9.8"]
[White "Êóòÿíèíà, Ìàðèÿ."]
[Black "Äóáíèêîâà, Àíàñòàñèÿ."]
[Result "0-1"]
[WhiteElo "1922"]
[BlackElo "1697"]
[PlyCount "126"]
[EventDate "2017.04.20"]

1. e4 e6 2. d4 d5 3. e5 c5 4. c3 Qb6 5. Nf3 Bd7 6. Be2 Bb5 7. O-O Bxe2 8. Qxe2
Qa6 9. Qd1 Nc6 10. a3 c4 11. Nbd2 Nge7 12. b4 cxb3 13. Nxb3 Ng6 14. Ne1 Be7 15.
Nd3 b6 16. f4 O-O 17. g4 f5 18. exf6 Rxf6 19. Ne5 Ngxe5 20. dxe5 Rf7 21. Nd4
Bc5 22. Be3 Bxd4 23. cxd4 Raf8 24. Qc2 Na5 25. f5 Nc4 26. Bg5 Qc8 27. f6 Qc6
28. Qd3 Qd7 29. Ra2 Qa4 30. Raa1 Nb2 31. Qc3 Nc4 32. Qd3 Qe8 33. Rf3 Rc7 34.
Raf1 Qg6 35. Qxg6 hxg6 36. fxg7 Rxf3 37. Rxf3 Kxg7 38. Bf6+ Kg8 39. Rc3 b5 40.
Bd8 Rd7 41. Bf6 Rb7 42. Rh3 Rh7 43. Rb3 a6 44. a4 Na5 45. Rc3 Rb7 46. axb5 axb5
47. Rc8+ Kf7 48. Rh8 b4 49. Rh7+ Ke8 50. Rh8+ Kd7 51. Rd8+ Kc7 52. Rd6 Nc6 53.
Bg5 Nxd4 54. Kf2 b3 55. Bc1 b2 56. Bxb2 Rxb2+ 57. Ke3 Rb4 58. Kd3 g5 59. h3 Rc4
60. Ke3 Nc2+ 61. Kd2 Nd4 62. Kd3 Nb3 63. Ke3 Nc5 0-1

[Event "Ä15Â"]
[Site "Loo"]
[Date "2017.04.28"]
[Round "9.9"]
[White "Ôèëèïïîâà, Ìàðãàðèòà."]
[Black "Áàéáóðèíà, Êàìèëëà."]
[Result "0-1"]
[WhiteElo "1767"]
[BlackElo "1825"]
[PlyCount "72"]
[EventDate "2017.04.20"]

1. d4 Nf6 2. Nf3 e6 3. Bg5 h6 4. Bh4 c5 5. e3 cxd4 6. exd4 b6 7. c3 Bb7 8. Nbd2
Be7 9. Bd3 O-O 10. O-O d6 11. Bc2 Nbd7 12. Nc4 Rc8 13. Ne3 Re8 14. Re1 Qc7 15.
h3 Bf8 16. Bg3 e5 17. Bb3 b5 18. a4 a6 19. Bh2 Qb6 20. a5 Qa7 21. d5 Nc5 22.
Bc2 Qa8 23. Bf5 Rcd8 24. b4 Ncd7 25. c4 bxc4 26. Nxc4 Bxd5 27. Ne3 Bc6 28. Nc4
Qb8 29. Rb1 Nd5 30. Bxd7 Rxd7 31. Ncxe5 dxe5 32. Nxe5 Rde7 33. Rf1 Rxe5 34.
Bxe5 Rxe5 35. Re1 Nc3 36. Qd4 Ne2+ 0-1

[Event "Ä15Â"]
[Site "Loo"]
[Date "2017.04.28"]
[Round "9.10"]
[White "Äàâûäîâà, Êèðà."]
[Black "Ñîñíèíà, Åêàòåðèíà."]
[Result "1-0"]
[WhiteElo "1769"]
[BlackElo "1812"]
[PlyCount "87"]
[EventDate "2017.04.20"]

1. d4 Nf6 2. Nf3 g6 3. Bg5 Ne4 4. Bh4 Bg7 5. Nbd2 d5 6. c3 c6 7. e3 Nxd2 8.
Qxd2 Nd7 9. Be2 O-O 10. O-O Re8 11. b4 Qb6 12. a4 e5 13. b5 Nf6 14. a5 Qd8 15.
Qb2 e4 16. Ne5 Qd6 17. Bg3 Qe6 18. a6 bxa6 19. bxc6 Nh5 20. Bxh5 gxh5 21. Qe2
f6 22. Nd7 Qxc6 23. Nc5 Bg4 24. f3 exf3 25. gxf3 Bh3 26. Rfe1 Bh6 27. Qd3 Qb5
28. Qd2 a5 29. Kf2 Bg5 30. f4 h4 31. fxg5 hxg3+ 32. Kxg3 Bc8 33. Qg2 fxg5 34.
Qxd5+ Be6 35. Qxg5+ Kh8 36. Qf6+ Kg8 37. Nxe6 Qd7 38. Nf4 Re7 39. Kf2 Rf7 40.
Rg1+ Kf8 41. Qh8+ Ke7 42. Qxa8 Qh3 43. Qb7+ Kf8 44. Qxf7+ 1-0

[Event "Ä15Â"]
[Site "Loo"]
[Date "2017.04.28"]
[Round "9.11"]
[White "Ïèêàëîâà, Ñîôüÿ."]
[Black "Áóðíÿøåâà, Åëåíà."]
[Result "1/2-1/2"]
[WhiteElo "1800"]
[BlackElo "1721"]
[PlyCount "97"]
[EventDate "2017.04.20"]

1. e4 c5 2. Nf3 e6 3. g3 Nc6 4. Nc3 Nf6 5. e5 Ng4 6. Qe2 Qc7 7. Nb5 Qb8 8. d4
a6 9. Nd6+ Bxd6 10. exd6 Qxd6 11. Bf4 Qe7 12. O-O-O d5 13. Bg2 O-O 14. h3 Nf6
15. Bg5 cxd4 16. Nxd4 h6 17. Bf4 Nxd4 18. Rxd4 Re8 19. Re1 Qc5 20. Qd2 Bd7 21.
Be5 Qe7 22. g4 Nh7 23. Bf4 Qf8 24. h4 Rac8 25. Kb1 f6 26. Bg3 Qf7 27. f4 Bc6
28. g5 fxg5 29. hxg5 h5 30. Qd3 g6 31. Bf3 Bb5 32. Qd1 Nf8 33. Re5 Bc6 34. Re1
Rcd8 35. Re5 Kg7 36. Re1 b5 37. Re3 Qf5 38. Qh1 e5 39. Rxe5 Rxe5 40. fxe5 Ne6
41. Rd1 Nxg5 42. Bh4 Rd7 43. Bxg5 Qxg5 44. e6 Rd6 45. Rg1 Qe5 46. Bxh5 Rxe6 47.
Bd1 d4 48. Qh3 Qe3 49. Qg4 1/2-1/2

[Event "Ä15Â"]
[Site "Loo"]
[Date "2017.04.28"]
[Round "9.12"]
[White "Êîíîâà, Ïîëèíà."]
[Black "Ïîäãîðíîâà, Àííà."]
[Result "0-1"]
[WhiteElo "1592"]
[BlackElo "1769"]
[PlyCount "50"]
[EventDate "2017.04.20"]

1. e4 c5 2. c3 Nf6 3. e5 Nd5 4. d4 cxd4 5. cxd4 d6 6. Nf3 Nc6 7. Be2 g6 8. b3
Bg7 9. Bb2 O-O 10. O-O Qc7 11. exd6 Qxd6 12. Nbd2 Nf4 13. Nc4 Qd5 14. Ne3 Qh5
15. Re1 Rd8 16. Ne5 Nxe2+ 17. Qxe2 Qxe2 18. Rxe2 Nxd4 19. Bxd4 Rxd4 20. Nf3 Rd7
21. Rc1 b6 22. Rec2 Bb7 23. Rc7 Rad8 24. Ng4 Rd1+ 25. Rxd1 Rxd1+ 0-1

[Event "Ä15Â"]
[Site "Loo"]
[Date "2017.04.28"]
[Round "9.13"]
[White "Ïóäàëåâà, Çëàòà."]
[Black "Ëîñêóòîâà, Âèêòîðèÿ."]
[Result "0-1"]
[WhiteElo "1702"]
[BlackElo "1981"]
[PlyCount "136"]
[EventDate "2017.04.20"]

1. e4 c5 2. Nf3 g6 3. d4 cxd4 4. Nxd4 Bg7 5. c4 Nc6 6. Be3 Nf6 7. Nc3 O-O 8.
Be2 d6 9. O-O Bd7 10. f3 Nxd4 11. Bxd4 a5 12. b3 Bc6 13. Qd2 Nd7 14. Rac1 Nc5
15. Bxg7 Kxg7 16. Qd4+ Kg8 17. Nd5 Bxd5 18. exd5 Qb6 19. Rfe1 a4 20. Rb1 axb3
21. axb3 Qb4 22. Qe3 Rfe8 23. Bd3 Ra2 24. Re2 Ra3 25. Bc2 b5 26. cxb5 Qxb5 27.
Ree1 Qb7 28. Qc1 Qb4 29. Qe3 Ra2 30. Rec1 Rea8 31. Kh1 R8a7 32. Bd3 Nxd3 33.
Qxd3 Qd2 34. Qxd2 Rxd2 35. b4 Rxd5 36. b5 Rb7 37. b6 Ra5 38. h3 Ra8 39. Kh2
Rab8 40. Rc7 Kf8 41. Kg3 Ke8 42. Kg4 Rxb6 43. Rxb6 Rxb6 44. Rc2 Rb5 45. Kf4 Kd7
46. Ke4 Rb4+ 47. Kd3 e5 48. Ra2 Ke6 49. Ke3 Rb3+ 50. Kf2 Rc3 51. Ke2 Rc1 52.
Kd3 Rc7 53. Ke3 f5 54. Kd3 Kf6 55. Ra6 Ke6 56. Ra8 Rb7 57. Ra2 Rb6 58. g4 Rb3+
59. Ke2 e4 60. gxf5+ gxf5 61. fxe4 fxe4 62. Ra4 d5 63. Ra6+ Ke5 64. Rh6 Rb2+
65. Kd1 Rb7 66. Ke2 Kd4 67. Rh4 Rb2+ 68. Ke1 Ke3 0-1

[Event "Ä15Â"]
[Site "Loo"]
[Date "2017.04.28"]
[Round "9.14"]
[White "Ëåâè÷åâà, Åêàòåðèíà."]
[Black "Áàèøåâà, Íüóðãóéààíà."]
[Result "0-1"]
[WhiteElo "1884"]
[BlackElo "1728"]
[PlyCount "66"]
[EventDate "2017.04.20"]

1. e4 c5 2. Nf3 d6 3. d4 cxd4 4. Nxd4 Nf6 5. Nc3 a6 6. Bg5 e6 7. f4 Be7 8. Qf3
Qc7 9. O-O-O Nc6 10. Nb3 Bd7 11. g4 O-O 12. Bxf6 Bxf6 13. g5 Be7 14. Qh5 Rfc8
15. Kb1 b5 16. Rd3 g6 17. Qh4 h5 18. Be2 Bf8 19. f5 Ne5 20. Rh3 exf5 21. Bxh5
Bg7 22. Bd1 Kf8 23. Nd5 Qd8 24. Nf6 fxe4 25. Re3 Bf5 26. Nxe4 Nc4 27. Rf3 a5
28. Rhf1 a4 29. Nbd2 d5 30. Rd3 Nxd2+ 31. Nxd2 Bxd3 32. cxd3 Qc7 33. d4 Qc1#
0-1

[Event "Ä15Â"]
[Site "Loo"]
[Date "2017.04.28"]
[Round "9.15"]
[White "Øåñòàêîâà, Åêàòåðèíà."]
[Black "Ñâåòëîâà, Êñåíèÿ."]
[Result "1-0"]
[WhiteElo "1840"]
[BlackElo "1676"]
[PlyCount "93"]
[EventDate "2017.04.20"]

1. e4 c5 2. c3 d5 3. exd5 Qxd5 4. d4 Nc6 5. Nf3 Bf5 6. Be3 e6 7. dxc5 Qxd1+ 8.
Kxd1 Nf6 9. Nbd2 Nd5 10. Nb3 O-O-O 11. Ke1 Nxe3 12. fxe3 Bc2 13. Nbd4 Bg6 14.
b4 Be7 15. Bb5 Bf6 16. Ke2 Ne7 17. a4 Nd5 18. Rac1 e5 19. Nb3 e4 20. Nfd4 Bg5
21. c6 Bh5+ 22. Ke1 Nxe3 23. cxb7+ Kxb7 24. Nc5+ Ka8 25. Bc6+ Kb8 26. Rb1 Nxg2+
27. Kf2 Nf4 28. Bxe4 Bh4+ 29. Ke3 Nd5+ 30. Kd3 Nf6 31. Na6+ Kc8 32. Bf5+ Kb7
33. Nc5+ Kc7 34. Kc4 Nd5 35. Nb5+ Kb6 36. a5+ Kc6 37. Nxa7+ Kc7 38. Nb5+ Kc6
39. Nd4+ Kc7 40. Kb3 Rhe8 41. b5 Re3 42. b6+ Nxb6 43. axb6+ Kxb6 44. Kc4+ Kc7
45. Rb7+ Kd6 46. Rb6+ Kc7 47. Rc6+ 1-0

[Event "Ä15Â"]
[Site "Loo"]
[Date "2017.04.28"]
[Round "9.16"]
[White "Ãèðøãîðí, Ìàðèÿ."]
[Black "Àëèâåðäèåâà, Ýëèíà."]
[Result "1-0"]
[WhiteElo "1813"]
[BlackElo "1674"]
[PlyCount "97"]
[EventDate "2017.04.20"]

1. d4 c6 2. c4 d5 3. cxd5 cxd5 4. Nc3 Nc6 5. Nf3 Nf6 6. Bf4 Qb6 7. Na4 Qa5+ 8.
Nc3 Ne4 9. Qb3 Qb4 10. Qxb4 Nxb4 11. Rc1 Nxc3 12. bxc3 Nc6 13. e3 a6 14. c4
dxc4 15. Bxc4 e6 16. O-O Ba3 17. Rc3 Bb4 18. Rb3 Ke7 19. d5 exd5 20. Bxd5 a5
21. a3 a4 22. Rxb4 Nxb4 23. axb4 Rd8 24. e4 a3 25. Bc7 Rh8 26. Ne5 f6 27. Nd3
a2 28. Ra1 Be6 29. Bxb7 Ra3 30. Nc5 Rc3 31. Nxe6 Kxe6 32. Bd5+ Kd7 33. Bf4 Ra3
34. Rxa2 Rxa2 35. Bxa2 Ra8 36. Bc4 Ra1+ 37. Bf1 Rb1 38. b5 Kc8 39. Be3 Kb7 40.
b6 h6 41. g3 Kc6 42. Kg2 Rb4 43. Kf3 Kb7 44. Bh3 g5 45. Be6 h5 46. Bd5+ Kb8 47.
Bc5 Rb1 48. Bd6+ Kc8 49. b7+ 1-0